00370nam a22001457a 450000500170000000800410001702000200005804100080007808200100008610000190009624500440011526000340015930000080019365000230020120260413155000.0160613b xxu||||| |||| 00| 0 eng d a978-0-671-72365 aeng a158.2 aCarnegie, Dale aHow to win friends and influence people aNew YorkbPocket Books c1964 a266 aApplied psychology